Úroveň rečového vývinu 18-24-mesačných detí vychovávaných v jasliach

Bibliographic Details
Main Authors: Habiňáková, Erika (Author), Hanudeľová, Anna (Author)
Format: Article
Language:Slovak

MARC

LEADER 00000nab a2200000uu 4500
001 vtls011437791
003 SK-MaSNL
005 20260303145632.0
008 230222| xo |||||||||||||||||slo|
015 |a SNBRB 
035 |a (urnnbn)urn:nbn:sk:snk:ar-002mde 
035 |a (uuid)30ffd5f8-80b1-4436-be37-7181b8fa3a26 
035 |a urn:nbn:sk:snk-abccva 
040 |a SNKBUCL  |b slo  |c SNKBUCL  |e AACR2 
041 0 |a slo 
044 |a xo  |c SK 
100 1 |a Habiňáková, Erika  |4 aut  |9 5469 
245 1 0 |a Úroveň rečového vývinu 18-24-mesačných detí vychovávaných v jasliach  |c Erika Habiňáková, Anna Hanudeľová 
700 1 |a Hanudeľová, Anna  |4 aut  |9 1080275 
773 0 |t Predškolská výchova : pedagogický časopis pre učiteľky materských škôl  |g Roč. 30, č. 2 (1975-1976), s. 49-52 
954 |a odborná, vedecká literatúra pôvodná (slovenská)  |2 lita 
958 |a OND 
958 |a EUIPO 
958 |a article16 
999 |c 2004237  |d 2006167